000 00687nam a22002417a 4500
003 UA-OsUOA
001 29753
007 ta
008 20041026b un ||||| |||| 00| 0 ukr d
100 _aБольшаков Леонід
090 _a82.09(477)
_bБ79
942 _cBK
040 _aUA-OsUOA
_bukr
_cUA-OsUOA
_dUA-OsUOA
245 _aЛіта невольничі
_bКнижка пошуків і досліджень про Шевченка періоду заслання
300 _a428 с.
_bІлюстрації
955 _a0
041 _aukr
080 _a82.09(477)
260 _aКиїв
_bДніпро
_c1971
044 _aUA
650 7 _2UDC
999 _c316151
_d316151